000 01517cam a22003854a 4500
001 12326430
003 OSt
005 20260129153908.0
008 010226s2001 orua b 000 0 eng
010 _a 2001024088
020 _a0736905898
020 _a9780736905893
035 _a12326430
040 _aDLC
_cDLC
_dDLC
042 _apcc
050 0 0 _aBV4527
_b.F59 2001
082 0 0 _a248.8/43
_221
100 1 _aFitzpatrick, Elyse,
_d1950-
245 1 0 _aOvercoming fear, worry, and anxiety /
_cElyse Fitzpatrick.
246 1 _iOther title information from cover:
_aBecoming a woman of faith & confidence
260 _aEugene, OR :
_bHarvest House,
_cc2001.
300 _a224 p. :
_bill. ;
_c21 cm.
336 _atext
_btxt
_2rdacontent
337 _aunmediated
_bn
_2rdamedia
338 _avolume
_bnc
_2rdacarrier
504 _aIncludes bibliographical references (p. 221-224).
650 0 _aChristian women
_xReligious life.
650 0 _aFear
_xReligious aspects
_xChristianity.
856 4 2 _3Publisher description
_uhttp://www.loc.gov/catdir/enhancements/fy0714/2001024088-d.html
856 4 2 _3Contributor biographical information
_uhttps://www.loc.gov/catdir/enhancements/fy1612/2001024088-b.html
906 _a7
_bcbc
_corignew
_d1
_eocip
_f20
_gy-gencatlg
942 _2lcc
_cBK
999 _c21156
_d21155